000
00285nam a2200097Ia 4500
001
1228211
005
20250827093038.0
008
250824s9999 xx 000 0 und d
245
0
_a
MİDOS KARTALININ GÖZLERİ
_c
GÜLTEN DAYIOĞLU
260
_b
ALTIN KİTAPLAR YAYINLARI
999
_c
1228211
_d
1228211